| 000 | 00000nam 2200000zi 4500 |
| 001 | 9.932278 |
| 003 | CaOODSP |
| 005 | 20250408135023 |
| 006 | m o d f |
| 007 | cr bn||||||||| |
| 008 | 240110t20242024onc oz f000 0 eng d |
| 020 | |a9780660695716 |
| 040 | |aCaOODSP|beng|erda|cCaOODSP |
| 041 | 0 |aeng|afre |
| 043 | |an-cn---|aw------ |
| 086 | 1 |aFR4-2023/11-PDF |
| 130 | 0 |aInternational Tropical Timber Agreement, 2006 |d(2006 January 27) |
| 245 | 10|aTropical timber - International Tropical Timber Agreement, 2006 = |bBois tropicaux - Accord international de 2006 sur les bois tropicaux. |
| 246 | 31|aBois tropicaux - Accord international de 2006 sur les bois tropicaux |
| 264 | 1|a[Ottawa] : |bTreaty Law Division of the Department of Foreign Affairs, Trade and Development = Direction du droit des traités du Ministère des affaires étrangères, du commerce et du développement, |c[2024] |
| 264 | 4|c©2024 |
| 300 | |a1 online resource (31, 31 pages). |
| 336 | |atext|btxt|2rdacontent |
| 337 | |acomputer|bc|2rdamedia |
| 338 | |aonline resource|bcr|2rdacarrier |
| 490 | 1 |aTreaty series = |aRecueil des traités ; |v2023/11 |
| 500 | |a"Adopted at Geneva on 27 January 2006. Second entry into force for Canada on 22 November 2023." |
| 500 | |aAlternate pages have duplicate numbering. |
| 500 | |aThe publication file in PDF format has been replaced on 8 April 2025 as requested by Global Affairs Canada. |
| 546 | |aText in English and French. |
| 650 | 0|aForestry law and legislation|zCanada. |
| 650 | 0|aForestry law and legislation|zTropics. |
| 650 | 0|aForestry law and legislation. |
| 650 | 0|aSustainable forestry|zTropics. |
| 651 | 0|aCanada|xForeign relations|vTreaties. |
| 655 | 7|aTreaties.|2lcgft |
| 710 | 1 |aCanada. |bGlobal Affairs Canada. |bTreaty Law Division, |eissuing body. |
| 710 | 1 |aCanada, |eparticipant in treaty. |
| 788 | |tTropical timber - International Tropical Timber Agreement, 2006 = |efre|w(CaOODSP)9.932279 |
| 830 | #0|aCanada treaty series ;|v2023/11.|w(CaOODSP)9.811730 |
| 856 | 40|qPDF|s2.75 MB|uhttps://publications.gc.ca/collections/collection_2024/amc-gac/FR4-2023-11.pdf |